[Event "Naantalin Open"]
[Site "Naantali FIN"]
[Date "2011.07.05"]
[Round "3"]
[White "Jaderholm,B"]
[Black "Ailasmaa,K"]
[Result "1/2-1/2"]
[WhiteElo "1878"]
[BlackElo "1820"]

1.e4 c5 2.Nf3 d6 3.d4 cxd4 4.Nxd4 Nf6 5.Nc3 a6 6.Be3 e6 7.Be2 Be7 8.f4 Qc7
9.Bf3 Nc6 10.Qd2 Bd7 11.g4 Nxd4 12.Bxd4 e5 13.Be3 Bc6 14.g5 exf4 15.Bxf4 Nd7
16.O-O-O Ne5 17.Be2 Rc8 18.Kb1 b5 19.Rhe1 O-O 20.h4 Bb7 21.Bxe5 dxe5 22.Qd7 Bb4
23.Bg4 Bxc3 24.Qxc7 Rxc7 25.bxc3 Rxc3  1/2-1/2

[Event "Lev Polugaevsky Mem"]
[Site "Samara RUS"]
[Date "2011.07.05"]
[Round "1"]
[White "Predke,A"]
[Black "Muzovatkin,D"]
[Result "1-0"]
[WhiteElo "2450"]
[BlackElo "2003"]

1.e4 c5 2.Nf3 d6 3.d4 cxd4 4.Nxd4 Nf6 5.Nc3 a6 6.Be3 e5 7.Nf3 Be7 8.Bc4 b5
9.Bd5 b4 10.Ne2 Nxd5 11.Qxd5 Qc7 12.Qxa8 Bb7 13.Qa7 Nd7 14.Bd2 O-O 15.Bxb4 Nc5
16.Bxc5 dxc5 17.Nc3 Ra8 18.Nd5 Rxa7 19.Nxc7 Bxe4 20.Nxe5 Rxc7 21.O-O Bxc2
22.Rac1 Bf5 23.Rfe1 g6 24.b3 Bg5 25.Rcd1 a5 26.Nc4 Bf6 27.Nd6 Bd7 28.Ne8 Bxe8
29.Rxe8+ Kg7 30.Re4 Bd4 31.Rc1 Rd7 32.Rc4 h5 33.Kf1 Rd6 34.Re8 Rf6 35.f3 Ra6
36.Rb8 Be5 37.Rb5 Bxh2 38.Rbxc5 Bg3 39.Ke2 f6 40.f4 Re6+ 41.Kf3 Be1 42.Re4 Rxe4
43.Kxe4 Bd2 44.f5 g5 45.Rc7+ Kh6 46.Rf7 Bc3 47.Kd3 Be5 48.Ra7 g4 49.Rxa5 h4
50.Ke4 h3 51.gxh3 gxh3 52.Kf3 Kg5 53.a4 Kxf5 54.Rxe5+ fxe5 55.Kg3 e4 56.Kxh3 Kf4
57.a5 e3 58.Kg2 Ke4 59.Kf1  1-0

[Event "Lev Polugaevsky Mem"]
[Site "Samara RUS"]
[Date "2011.07.05"]
[Round "1"]
[White "Khazieva,E"]
[Black "Sidorov,A"]
[Result "0-1"]
[WhiteElo "1957"]
[BlackElo "2331"]

1.e4 c5 2.Nf3 d6 3.d4 cxd4 4.Nxd4 Nf6 5.Nc3 a6 6.Be3 e6 7.a4 b6 8.Bd3 Bb7
9.O-O Nbd7 10.Nb3 Be7 11.f4 h5 12.Qe1 h4 13.h3 g6 14.Rd1 Nh5 15.Bd4 Rh7 16.f5 e5
17.fxg6 fxg6 18.Be3 Ng3 19.Rf3 Rf7 20.Rxf7 Kxf7 21.Nd2 Kg7 22.Nf1 Nh5 23.Qe2 Nf4
24.Bxf4 exf4 25.Nd5 Bxd5 26.exd5 Nc5 27.Nh2 Bf6 28.Qg4 Nxd3 29.Rxd3 Qc8 30.Qe2 Ra7
31.Ng4 Qc5+ 32.Kh2 Bxb2 33.Qd2 Rf7 34.c3 Ba3 35.Nf2 Qc8 36.Rf3 Qf5 37.Qd4+ Qe5
38.Qxe5+ dxe5 39.Ne4 Bc1 40.Rd3 Be3 41.c4 a5 42.Rc3 Bd4 43.Rc2 Rd7 44.Ng5 Kf6
45.Ne6 Be3 46.c5 bxc5 47.Nxc5 Rxd5 48.Ne4+ Kf5 49.Nf2 Rd2 50.Rxd2 Bxd2  0-1

[Event "Naantalin Open"]
[Site "Naantali FIN"]
[Date "2011.07.06"]
[Round "4"]
[White "Koskinen,Riku"]
[Black "Riihimaki,Pekka"]
[Result "1-0"]
[WhiteElo "1970"]
[BlackElo "1971"]

1.e4 c5 2.Nf3 d6 3.d4 cxd4 4.Nxd4 Nf6 5.Nc3 a6 6.Be3 e6 7.f3 Nc6 8.Qd2 Be7
9.O-O-O O-O 10.Kb1 Nxd4 11.Bxd4 b5 12.g4 Qc7 13.h4 Bb7 14.g5 Nd7 15.h5 b4
16.Ne2 Ne5 17.Qe3 Rac8 18.c3 Nc4 19.Qc1 d5 20.Bh3 dxe4 21.g6 exf3 22.gxf7+ Rxf7
23.Bxe6 fxe2 24.Rdg1 Kf8 25.Bxf7 Bxh1 26.Rxg7 Be4+ 27.Ka1 Ne5 28.Qg1 e1=Q+
29.Qxe1 Kxg7 30.Bd5 Bf6 31.Qxe4 Rd8 32.Qg2+ Ng6 33.h6+ Kxh6 34.Bxf6 Rxd5
35.Qxd5 Qf4 36.Qh1+ Nh4 37.Qxh4+  1-0

[Event "Lev Polugaevsky Mem"]
[Site "Samara RUS"]
[Date "2011.07.07"]
[Round "3"]
[White "Khazieva,E"]
[Black "Sazonova,A"]
[Result "1/2-1/2"]
[WhiteElo "1957"]
[BlackElo "2010"]

1.e4 c5 2.Nf3 d6 3.d4 cxd4 4.Nxd4 Nf6 5.Nc3 a6 6.Be3 e6 7.f3 Qc7 8.Qd2 Nbd7
9.g4 Ne5 10.O-O-O b5 11.g5 Nfd7 12.h4 Bb7 13.h5 Rc8 14.Kb1 Nb6 15.Bd3 Nec4
16.Bxc4 Nxc4 17.Qc1 Nxe3 18.Qxe3 b4 19.Nce2 Qc5 20.g6 hxg6 21.hxg6 Rxh1 22.gxf7+ Kxf7
23.Rxh1 e5 24.Qb3+ Qc4 25.Qxc4+ Rxc4 26.Nb3 Rc7 27.Rd1 Ke6 28.Ng3 Rf7 29.Rd3 d5
30.c3 Rf4 31.Nd2 a5 32.exd5+ Bxd5 33.Nge4 Be7 34.c4 Bc6 35.a3 g5 36.axb4 axb4
37.Nf2 Be8 38.Kc1 Rh4 39.Nde4 Bc6 40.Kd2 Rh2 41.Kc1 Rh4  1/2-1/2

[Event "86th ch-Paris IdF"]
[Site "Paris FRA"]
[Date "2011.07.08"]
[Round "7.1"]
[White "Fedorchuk,S"]
[Black "Arun Prasad,S"]
[Result "1/2-1/2"]
[WhiteElo "2618"]
[BlackElo "2489"]

1.e4 c5 2.Nf3 d6 3.d4 cxd4 4.Nxd4 Nf6 5.Nc3 a6 6.Be3 e5 7.Nf3 Be7 8.Bc4 O-O
9.O-O Qc7 10.Bb3 Be6 11.h3 b5 12.Re1  1/2-1/2

[Event "Lev Polugaevsky Mem"]
[Site "Samara RUS"]
[Date "2011.07.08"]
[Round "4"]
[White "Gabrielian,A"]
[Black "Kokarev,Dm"]
[Result "0-1"]
[WhiteElo "2539"]
[BlackElo "2596"]

1.e4 c5 2.Nf3 d6 3.d4 cxd4 4.Nxd4 Nf6 5.Nc3 a6 6.Be3 e5 7.Nb3 Be7 8.f3 Be6
9.Qd2 h5 10.O-O-O Nbd7 11.Kb1 Rc8 12.f4 b5 13.f5 Bc4 14.a3 Qc7 15.h3 Rb8
16.Bd3 a5 17.g4 b4 18.axb4 axb4 19.Ne2 Bxb3 20.cxb3 Qb7 21.g5 Nxe4 22.Bxe4 Qxe4+
23.Qd3 Qxd3+ 24.Rxd3 h4 25.Rd5 Rh5 26.Rf1 Bxg5 27.Bxg5 Rxg5 28.Rxd6 Rg2 29.Nc1 Rg3
30.Re1 Rxh3 31.Nd3 Rb5 32.Nf4  0-1

[Event "Open ch-SVK A"]
[Site "Banska Stiavnica SVK"]
[Date "2011.07.09"]
[Round "1"]
[White "Jurcik,Mari"]
[Black "Vyskocil,N"]
[Result "1-0"]
[WhiteElo "2481"]
[BlackElo "2297"]

1.e4 c5 2.Nf3 d6 3.d4 cxd4 4.Nxd4 Nf6 5.Nc3 a6 6.Be3 e5 7.Nb3 Be6 8.Qf3 Be7
9.h3 Nbd7 10.g4 O-O 11.O-O-O b5 12.g5 Ne8 13.h4 b4 14.Nd5 a5 15.Kb1 Nc7 16.Bc4 a4
17.Nd2 Na6 18.Qe2 Nac5 19.Nxb4 Qc7 20.Bd5 a3 21.Nc6 Rae8 22.b3 Nb8 23.Bxc5 Nxc6
24.Be3 Bxd5 25.exd5 Nb4 26.Nc4 Ra8 27.Bc1 Qb7 28.Qe4 Rfc8 29.c3 Na6 30.Be3 Qb5
31.Ka1 Rab8 32.h5 Nc5 33.Bxc5 Qxc5 34.Qe3 Qxe3 35.fxe3 Bxg5 36.Nxd6 Rd8 37.Nc4 e4
38.Kb1 f5 39.Kc2 Rdc8 40.Nd6 Rf8 41.Rhe1 Be7 42.Nc4 g5 43.hxg6 hxg6 44.Ne5  1-0

[Event "Karvina Open"]
[Site "Karvina CZE"]
[Date "2011.07.09"]
[Round "8.10"]
[White "Mrazek,L"]
[Black "Jaworski,Mi"]
[Result "1-0"]
[WhiteElo "2148"]
[BlackElo "2337"]

1.e4 c5 2.Nf3 d6 3.d4 cxd4 4.Nxd4 Nf6 5.Nc3 a6 6.Be3 e5 7.Nde2 Be6 8.Nd5 Bxd5
9.exd5 Be7 10.c4 O-O 11.Nc3 Nbd7 12.Be2 Ne8 13.O-O Bg5 14.Qd2 Bxe3 15.Qxe3 Rc8
16.Rac1 a5 17.a3 b6 18.Nb5 Ra8 19.f4 a4 20.Bd1 g6 21.f5 Kg7 22.Rf3 Nc5 23.Rh3 g5
24.Bh5 h6 25.Rg3 Kh7 26.h4 Nf6 27.Bf3 gxh4 28.Rh3 Ne8 29.Rf1 Rg8 30.f6 Nxf6
31.Rxh4 Rg6 32.Kf2 e4 33.Be2 Nxd5 34.Qh3 Ne7 35.Ke1 f5 36.Nd4 Nd3+ 37.Bxd3 exd3
38.Qxd3 Ra5 39.Rhf4 Re5+ 40.Kd1  1-0

[Event "Karvina Open"]
[Site "Karvina CZE"]
[Date "2011.07.09"]
[Round "8.30"]
[White "Fuskova,M"]
[Black "Urbanik,Lukas"]
[Result "1-0"]
[WhiteElo "1677"]
[BlackElo "1887"]

1.e4 c5 2.Nf3 d6 3.d4 Nf6 4.Nc3 cxd4 5.Nxd4 a6 6.Be3 Ng4 7.Bg5 h6 8.Bh4 g5
9.Bg3 Bg7 10.Be2 Ne5 11.Qd2 Nbc6 12.Nb3 Na5 13.Nxa5 Qxa5 14.Nd5 Qxd2+ 15.Kxd2 Rb8
16.f3 b5 17.c3 e6 18.Nb4 Bb7 19.a4 Nc4+ 20.Kc1 Rc8 21.Bxc4 Rxc4 22.axb5 axb5
23.Ra7 Bc8 24.Bxd6 Bd4 25.Re7+ Kd8 26.Rd1 Be3+ 27.Kb1  1-0

[Event "Oberwart Open"]
[Site "Oberwart AUT"]
[Date "2011.07.09"]
[Round "1.19"]
[White "Kammerer,G"]
[Black "Karner,C"]
[Result "0-1"]
[WhiteElo "2041"]
[BlackElo "2372"]

1.e4 c5 2.Nf3 d6 3.d4 cxd4 4.Nxd4 Nf6 5.Nc3 a6 6.Be3 e5 7.Nb3 Be6 8.Qd2 Nbd7
9.f3 Be7 10.O-O-O O-O 11.g4 b5 12.Nd5 Bxd5 13.exd5 Nb6 14.Na5 Nfxd5 15.Nc6 Qc7
16.Nxe7+ Qxe7 17.Bxb6 Nxb6 18.Qxd6 Qg5+ 19.Qd2 Qf6 20.Qe3 Rac8 21.Bd3 Nc4
22.Qe4 Qg5+ 23.Kb1 g6 24.Qb7 Qf4 25.Rhe1 Rb8 26.Qe7 Nd2+ 27.Ka1 Nxf3 28.Rf1 Rfe8
29.Qd6 Qxg4 30.Qf6 e4 31.Bxe4 Qxe4 32.Rxf3 Qe6 33.Qc3 Qe2 34.Rdf1 Rbc8 35.Qb4 Qxc2
36.Qf4 Re7 37.a3 Rd8  0-1

[Event "Pinnacle 48th COCC"]
[Site "Toronto CAN"]
[Date "2011.07.09"]
[Round "1"]
[White "Castaneda,N"]
[Black "Wang,Jesse"]
[Result "1/2-1/2"]
[WhiteElo "2229"]
[BlackElo "2007"]

1.e4 c5 2.Nf3 d6 3.d4 cxd4 4.Nxd4 Nf6 5.Nc3 a6 6.Be3 e6 7.Qd2 b5 8.f3 Bb7
9.O-O-O Nbd7 10.g4 Nb6 11.Qf2 Nfd7 12.Nb3 Rc8 13.Bd3 Rxc3 14.bxc3 Na4 15.c4 bxc4
16.Bxc4 Ne5 17.Rd4 Qc7 18.Be2 Nc3 19.Kb2 d5 20.Bd2 Nxe2 21.Qxe2 Nc4+ 22.Kc1 Ba3+
23.Kd1 O-O 24.Ke1 Bd6 25.Kf1 Be5 26.Rd3 Nb2 27.Ba5 Qe7 28.Kg2 dxe4 29.fxe4 Nxd3
30.cxd3 f5 31.Rf1 fxe4 32.dxe4 Rxf1 33.Kxf1 Qf6+ 34.Kg1 Qf4 35.Nd2 Bd4+ 36.Kg2 Qe3
37.Qxe3  1/2-1/2

[Event "Open ch-SVK A"]
[Site "Banska Stiavnica SVK"]
[Date "2011.07.10"]
[Round "2"]
[White "Petenyi,T"]
[Black "Vojtek,V"]
[Result "1-0"]
[WhiteElo "2398"]
[BlackElo "2298"]

1.e4 c5 2.Nf3 d6 3.d4 cxd4 4.Nxd4 Nf6 5.Nc3 a6 6.Be3 e5 7.Nb3 Be6 8.f3 Be7
9.Qd2 Nbd7 10.O-O-O b5 11.g4 h6 12.h4 Nb6 13.Na5 Qc7 14.Bh3 b4 15.Ne2 d5
16.g5 d4 17.Bf2 Nfd7 18.Bxe6 fxe6 19.gxh6 gxh6 20.f4 Rf8 21.Rhf1 Na4 22.Nb3 Ndb6
23.fxe5 Nxb2 24.Qxh6 Nxd1 25.Qg6+ Kd7 26.Rxd1 Rxf2 27.Nexd4 Kc8 28.Qxe6+ Qd7
29.Qxb6 Qc7 30.Qe6+ Qd7 31.Qc4+ Qc7 32.Nc6 Bxh4 33.Qe6+ Kb7 34.Rd7 Rf1+ 35.Kb2 Be1
36.Nca5+ Kb8 37.Qe8+  1-0

[Event "Karvina Open"]
[Site "Karvina CZE"]
[Date "2011.07.10"]
[Round "9.40"]
[White "Walica,Roman"]
[Black "Charouz,Jaroslav"]
[Result "0-1"]
[WhiteElo "1639"]
[BlackElo "1679"]

1.e4 c5 2.Nf3 d6 3.d4 cxd4 4.Nxd4 Nf6 5.Nc3 a6 6.Be3 Nc6 7.f3 e6 8.Be2 Be7
9.Qd2 O-O 10.O-O e5 11.Nb3 b5 12.a3 Bb7 13.Rad1 h6 14.Kh1 Rc8 15.Qe1 Nb8
16.Qf2 Nbd7 17.Rd2 Qc7 18.Rfd1 Nc5 19.Nxc5 dxc5 20.h3 Qa5 21.Nd5 Nxd5 22.exd5 Bd6
23.f4 e4 24.f5 Qd8 25.Rf1 Qf6 26.b3 Rfd8 27.c4 bxc4 28.bxc4 Qe5 29.Qf4 Qf6
30.Qg4 Rc7 31.Bf4 Re7 32.Re1 e3 33.Rc2 Re4  0-1

[Event "111th ch-SUI"]
[Site "Leukerbad SUI"]
[Date "2011.07.10"]
[Round "4"]
[White "Gaehwiler,G"]
[Black "Netzer,Je"]
[Result "1/2-1/2"]
[WhiteElo "2185"]
[BlackElo "2409"]

1.e4 c5 2.Nf3 d6 3.d4 cxd4 4.Nxd4 Nf6 5.Nc3 a6 6.Be3 e5 7.Nf3 Be7 8.Bc4 O-O
9.O-O h6 10.Qd3 Nc6 11.a3 Bg4 12.Nd2 Rc8 13.Nd5 Nxd5 14.Bxd5 Qc7 15.Nc4 Nd4
16.Bxd4 exd4 17.Qxd4 Be2 18.Nb6 Bf6 19.Qb4 a5 20.Qb3 Bxf1 21.Nxc8 Bxg2 22.Nxd6 Qxd6
23.Kxg2 Qf4 24.Qg3 Qd2 25.Qd3 Qg5+ 26.Qg3 Qd2 27.Qd3  1/2-1/2

[Event "Lev Polugaevsky Mem"]
[Site "Samara RUS"]
[Date "2011.07.10"]
[Round "6"]
[White "Yakovich,V"]
[Black "Khazieva,E"]
[Result "0-1"]
[WhiteElo "2111"]
[BlackElo "1957"]

1.e4 c5 2.Nf3 d6 3.d4 cxd4 4.Nxd4 Nf6 5.Nc3 a6 6.Be3 e5 7.Nb3 Be6 8.Qd2 Be7
9.O-O-O Ng4 10.g3 Nd7 11.f4 Nxe3 12.Qxe3 b5 13.Nd5 Bxd5 14.Rxd5 O-O 15.Kb1 Nb6
16.Rd1 Qc7 17.f5 Rfc8 18.Bd3 Rab8 19.Nd2 Nc4 20.Nxc4 bxc4 21.Be2 Qb7 22.b3 a5
23.Rd5 a4 24.Kb2 axb3 25.cxb3 Qb4 26.Rc1 Ra8 27.Bxc4 Qa3+ 28.Kc3 Rxc4+ 29.Kxc4 Rc8+
30.Kb5 Rxc1 31.Qb6 h6 32.Qa5 Rc5+ 33.Rxc5 Qxc5+ 34.Ka4 Qc6+ 35.Qb5 Qxe4+
36.b4 Qc2+ 37.Ka3 e4 38.Qe8+ Bf8 39.f6 Qc3+ 40.Ka4 e3 41.fxg7 Kxg7 42.Qe4 d5
43.Qg4+ Kh8 44.a3 Qc2+ 45.Ka5 e2 46.Qd4+ Bg7 47.Qe3 Qe4  0-1

[Event "Oberwart Open"]
[Site "Oberwart AUT"]
[Date "2011.07.11"]
[Round "3"]
[White "Rieger,R"]
[Black "Prochaska,J"]
[Result "1-0"]
[WhiteElo "2150"]
[BlackElo "2024"]

1.e4 c5 2.Nf3 d6 3.d4 cxd4 4.Nxd4 Nf6 5.Nc3 a6 6.Be3 e6 7.f3 Be7 8.Qd2 Qc7
9.g4 h6 10.O-O-O Bd7 11.Qf2 Nc6 12.h4 Ne5 13.Rg1 O-O-O 14.Nb3 Rdf8 15.Bb6 Qb8
16.g5 hxg5 17.hxg5 Ne8 18.f4 Nc6 19.Qd2 Bd8 20.Bc5 Rfg8 21.Rg3 Rh4 22.Rd3 dxc5
23.e5 Bb6 24.Rxd7 Nd4 25.Nxd4 cxd4 26.Na4 Ba7 27.Rxd4 Bxd4 28.Qxd4 Qc7 29.Qa7  1-0

[Event "ch-Central Serbia Int Open B"]
[Site "Paracin SRB"]
[Date "2011.07.11"]
[Round "4.9"]
[White "Antonijevic,Milutin"]
[Black "Radovic,Janko"]
[Result "0-1"]
[WhiteElo "1845"]
[BlackElo "1985"]

1.e4 c5 2.Nf3 d6 3.Nc3 Nf6 4.d4 cxd4 5.Nxd4 a6 6.Be3 e5 7.Nb3 Be7 8.f3 Be6
9.Qd2 Nbd7 10.g4 b5 11.g5 Nh5 12.Nd5 Bxd5 13.Qxd5 O-O 14.h4 Qc7 15.O-O-O Rac8
16.Bd3 Ndf6 17.gxf6 Nxf6 18.Rdg1 Nxd5 19.exd5 Kh8 20.Bd2 Qb7 21.Bg5 Qxd5
22.Be4 Qe6 23.Bxe7 Qxe7 24.Rg5 h6 25.Rg3 f5 26.Bd5 Rc7 27.Rh2 e4 28.f4 Qf6
29.h5 Qe7 30.Nd4 Rf6 31.Rhg2 Qe8 32.Rg6 Rxg6 33.Rxg6 e3 34.Ne6 e2 35.Kd2 Rxc2+
36.Ke1 Qe7  0-1

[Event "ch-USA Cadet"]
[Site "Crossville USA"]
[Date "2011.07.12"]
[Round "2"]
[White "Ostrovskiy,Al"]
[Black "Mo,Kevin"]
[Result "1-0"]
[WhiteElo "2294"]
[BlackElo "2095"]

1.e4 c5 2.Nf3 d6 3.d4 cxd4 4.Nxd4 Nf6 5.Nc3 a6 6.Be3 e5 7.Nf3 Be7 8.Bc4 Be6
9.Bxe6 fxe6 10.O-O O-O 11.Na4 Ng4 12.Qd3 Nxe3 13.Qxe3 b5 14.Nb6 Ra7 15.Nd5 Nc6
16.Qd3 Rd7 17.a4 bxa4 18.Nxe7+ Nxe7 19.Qxa6 Qb8 20.Qxa4 Rb7 21.b3 Rb4 22.Qd7 Ng6
23.Ra7  1-0

[Event "St Pauli Open"]
[Site "Hamburg GER"]
[Date "2011.07.12"]
[Round "5.10"]
[White "Zart,R"]
[Black "Zimmermann,Ju"]
[Result "0-1"]
[WhiteElo "2179"]
[BlackElo "2331"]

1.e4 c5 2.Nf3 d6 3.d4 cxd4 4.Nxd4 Nf6 5.Nc3 a6 6.Be3 e5 7.Nf3 Qc7 8.Be2 Be7
9.O-O O-O 10.a4 b6 11.h3 h6 12.Nh4 Be6 13.Nf5 Nc6 14.Nd5 Nxd5 15.Nxh6+ gxh6
16.exd5 f5 17.Bxh6 Rf6 18.Bg5 Rg6 19.Bxe7 Nxe7 20.dxe6 Rxe6 21.Ra3 Rg6 22.Rc3 Qd7
23.Bc4+ Kg7 24.Qe2 Qxa4 25.f4 e4 26.Ra3 Qb4 27.Rxa6 Rxa6 28.Bxa6 Qxb2 29.Qc4 d5
30.Qc7 Qd4+ 31.Kh1 Kf7 32.Bc8 Qc5 33.Qxc5 bxc5 34.Bd7 Rd6 35.Bb5 Rb6 36.Be2 Nc6
37.g4 Nd4 38.Bd1 e3 39.Re1 Rb1 40.Rxe3 Rxd1+ 41.Kh2 Rd2+ 42.Kg3 Rxc2 43.Re5 Rc3+
44.Kg2 fxg4 45.hxg4 Ne6 46.Kh1 d4  0-1

[Event "111th ch-SUI"]
[Site "Leukerbad SUI"]
[Date "2011.07.12"]
[Round "6"]
[White "Sokolov,And1"]
[Black "Gallagher,Jo"]
[Result "1/2-1/2"]
[WhiteElo "2579"]
[BlackElo "2501"]

1.e4 c5 2.Nf3 d6 3.d4 cxd4 4.Nxd4 Nf6 5.Nc3 a6 6.Be3 e5 7.Nf3 Be7 8.Bc4 O-O
9.O-O Qc7 10.Nd5 Nxd5 11.Bxd5 Nd7 12.Qd3 Nf6 13.Bb3 Bd7 14.Rfe1 Bb5 15.c4 Bc6
16.Nd2 Nd7  1/2-1/2

[Event "Oberwart Open"]
[Site "Oberwart AUT"]
[Date "2011.07.12"]
[Round "4"]
[White "Perunovic,Mil"]
[Black "Alvir,A"]
[Result "1-0"]
[WhiteElo "2570"]
[BlackElo "2359"]

1.e4 c5 2.Nf3 d6 3.d4 cxd4 4.Nxd4 Nf6 5.Nc3 a6 6.Be3 e6 7.g4 Nc6 8.g5 Nd7
9.h4 Nxd4 10.Qxd4 Ne5 11.O-O-O b5 12.f4 Nc6 13.Qd2 Bd7 14.h5 Qa5 15.Kb1 b4
16.Ne2 O-O-O 17.Nd4 Kb7 18.h6 e5 19.Nxc6 Bxc6 20.fxe5 Be7 21.hxg7  1-0

[Event "XX Adolf Anderssen Memorial w Final"]
[Site "Wroclaw POL"]
[Date "2011.07.12"]
[Round "1.1"]
[White "Wisniowska,K"]
[Black "Lach,A"]
[Result "0-1"]
[WhiteElo "2037"]
[BlackElo "2154"]

1.e4 c5 2.Nf3 d6 3.d4 cxd4 4.Nxd4 Nf6 5.Nc3 a6 6.Be3 e5 7.Nb3 Be7 8.Be2 Be6
9.Nd5 Bxd5 10.exd5 O-O 11.O-O Nbd7 12.c4 Rc8 13.Rc1 b6 14.Nd2 Ne8 15.b4 f5
16.f3 Bg5 17.Bf2 Nef6 18.a4 Kh8 19.Rc2 Nh5 20.Nb3 Rb8 21.Qe1 Nf4 22.a5 Qe8
23.axb6 Nxb6 24.Na5 Qg6 25.Bg3 Nh5 26.Bh4 Be3+ 27.Bf2 Nf4 28.g3 Nh3+ 29.Kg2 Nxf2
30.Rxf2 Bxf2 31.Qxf2 f4 32.Bd1 e4 33.Nc6 exf3+ 34.Qxf3 Rbe8 35.g4 Re3 36.Qf2 f3+
37.Kf1 Qd3+  0-1

[Event "Open ch-SVK A"]
[Site "Banska Stiavnica SVK"]
[Date "2011.07.13"]
[Round "5"]
[White "Sosovicka,J"]
[Black "Pacher,M"]
[Result "0-1"]
[WhiteElo "2175"]
[BlackElo "2408"]

1.e4 c5 2.Nf3 d6 3.d4 cxd4 4.Nxd4 Nf6 5.Nc3 a6 6.Be3 e5 7.Nf3 Qc7 8.a4 Be7
9.a5 O-O 10.g3 Nbd7 11.Bg2 b5 12.axb6 Nxb6 13.Nd2 Bg4 14.f3 Be6 15.O-O d5
16.Bg5 d4 17.Bxf6 Bxf6 18.Ne2 Nc4 19.Nxc4 Bxc4 20.f4 Qb6 21.Rf2 Qxb2 22.Rb1 Qa3
23.Nc1 exf4 24.gxf4 Qe3 25.Qd2 Bh4 26.Qxe3 dxe3 27.Rf3 e2  0-1

[Event "Oberwart Open"]
[Site "Oberwart AUT"]
[Date "2011.07.13"]
[Round "5"]
[White "Rieger,R"]
[Black "Anton,T"]
[Result "0-1"]
[WhiteElo "2150"]
[BlackElo "2355"]

1.e4 c5 2.Nf3 d6 3.d4 cxd4 4.Nxd4 Nf6 5.Nc3 a6 6.Be3 e5 7.Nb3 Be7 8.f3 Be6
9.Qd2 O-O 10.O-O-O a5 11.a4 Nc6 12.g4 Nb4 13.Kb1 Rc8 14.Qf2 Nd7 15.h4 b6
16.Bb5 Nc5 17.Nxc5 bxc5 18.Nd5 Nxd5 19.exd5 Bd7 20.Rdg1 c4 21.Bb6 Qe8 22.Ba6 Rb8
23.Ba7 Rb4 24.c3 Rxa4 25.Qb6 f5 26.g5 f4 27.b3 cxb3 28.Qxb3 Qa8 29.Qb7 Qxb7+
30.Bxb7 Rc4 31.Kc2 Rc7  0-1

[Event "Lev Polugaevsky Mem"]
[Site "Samara RUS"]
[Date "2011.07.13"]
[Round "9"]
[White "Geller,J"]
[Black "Panarin,M"]
[Result "1/2-1/2"]
[WhiteElo "2535"]
[BlackElo "2503"]

1.e4 c5 2.Nf3 d6 3.d4 cxd4 4.Nxd4 Nf6 5.Nc3 a6 6.Be3 e5 7.Nf3 Be7 8.Bc4 O-O
9.O-O Nc6 10.Qe2 Be6 11.Bb3 Na5 12.Rfd1 Nxb3 13.axb3 Qe8 14.Bg5 Nh5 15.Be3 Nf6
16.Bg5 Nh5 17.Be3 Nf6 18.Bg5  1/2-1/2

[Event "Open ch-SVK A"]
[Site "Banska Stiavnica SVK"]
[Date "2011.07.14"]
[Round "6"]
[White "Boros,De"]
[Black "Csiba,D"]
[Result "1-0"]
[WhiteElo "2502"]
[BlackElo "2355"]

1.e4 c5 2.Nf3 d6 3.d4 cxd4 4.Nxd4 Nf6 5.Nc3 a6 6.Be3 e5 7.Nf3 Qc7 8.Bg5 Nbd7
9.a4 h6 10.Bh4 b6 11.Nd2 Bb7 12.Bc4 Be7 13.Qe2 O-O 14.O-O g5 15.Bg3 Nc5 16.Rfe1 Ne6
17.Bxe6 fxe6 18.Qc4 Qxc4 19.Nxc4 b5 20.Na5 b4 21.Na2 Bxe4 22.Nxb4 Rfc8 23.f3 Bg6
24.Nbc6 Bd8 25.Nxd8 Rxd8 26.c4 Rac8 27.Red1 Nh5 28.b4 Nxg3 29.hxg3 d5 30.b5 dxc4
31.Nc6 Re8 32.Nxe5 Bc2 33.Rd7 Red8 34.Rxd8+ Rxd8 35.Nxc4 axb5 36.axb5 Rb8
37.b6 Bd3 38.Ne5 Bb5 39.Ng4 Rxb6 40.Nxh6+ Kg7 41.Ng4 Bc6 42.Rc1 Ra6 43.Rc5 Bd5
44.Ne3 Rd6 45.Rxd5 Rxd5 46.Nxd5 exd5 47.Kf2 Kf6 48.Ke3 Kf5 49.Kd4 Ke6 50.g4  1-0

[Event "St Pauli Open"]
[Site "Hamburg GER"]
[Date "2011.07.14"]
[Round "7.50"]
[White "Hinrichs,Lars"]
[Black "Jung,Gera"]
[Result "0-1"]
[WhiteElo "1894"]
[BlackElo "2022"]

1.e4 c5 2.Nf3 d6 3.d4 cxd4 4.Nxd4 Nf6 5.Nc3 a6 6.Be3 e5 7.Nb3 Be6 8.f4 Ng4
9.Bd2 exf4 10.Bxf4 Qb6 11.Qd2 Nc6 12.h3 Nge5 13.O-O-O O-O-O 14.Be3 Qc7 15.Na4 Nd7
16.Qf2 Be7 17.Be2 Nb4 18.Rd2 Nxa2+ 19.Kb1 Nb4 20.Rhd1 Kb8 21.Ba7+ Ka8 22.Nb6+ Nxb6
23.Bxb6 Qc6 24.Nc1 Rc8 25.Bf3 Qb5 26.Bd4 f6 27.Qe3 Nc6 28.Bg4 Bxg4 29.hxg4 Ne5
30.Bxe5 fxe5 31.Rd5 Qc4 32.Qd3 Rhf8 33.Ne2 Rf2 34.Nc3 Rxg2 35.Qh3 Rf2 36.Qxh7 Qb4
37.R5d3 Bf8 38.Qg6 Qc4 39.Qh5 b5 40.Qh4 Rf7 41.Qh2 Qc5 42.R3d2 Be7 43.Nd5 Bg5
44.Re2 b4 45.Qh5 Rf2 46.Rxf2 Qxf2 47.Qxg5 Qxc2+ 48.Ka2 Qa4+  0-1

[Event "111th ch-SUI"]
[Site "Leukerbad SUI"]
[Date "2011.07.14"]
[Round "8"]
[White "Klauser,M"]
[Black "Schiendorfer,E"]
[Result "0-1"]
[WhiteElo "2386"]
[BlackElo "2304"]

1.e4 c5 2.Nf3 d6 3.d4 cxd4 4.Nxd4 Nf6 5.Nc3 a6 6.Be3 Ng4 7.Bg5 h6 8.Bc1 Nc6
9.Nxc6 bxc6 10.Be2 Nf6 11.O-O e5 12.Qd3 Be7 13.Qg3 g5 14.b3 Be6 15.Rd1 Qc7
16.Bb2 h5 17.Qxg5 Nxe4 18.Qe3 Nf6 19.Ne4 Nd5 20.Qd2 Nf4 21.Bf3 d5 22.Ng3 h4
23.Ne2 Bg5 24.Nxf4 Bxf4 25.Qe2 Rg8 26.g3 hxg3 27.hxg3 Qb6 28.Kf1 Bh3+ 29.Bg2 Bxg2+
30.Kxg2 e4 31.c4 O-O-O 32.cxd5 cxd5 33.Bd4 Qd6 34.Qc2+ Kb7 35.Qc5 Qxc5 36.Bxc5 f5
37.Bd4 Rc8 38.Rh1 Rc2 39.Kf1 Bd6 40.Rh7+ Kc6 41.Rh6 Kd7 42.Rd1 f4 43.gxf4 Bxf4
44.Rh4 Rf8 45.Ba7 Kc6 46.Kg1 Rxa2 47.Rh5 Rg8+ 48.Kf1 Rg7 49.Bd4 Rf7 50.Kg1 Rc2
51.Rh3 Kb5 52.Rh8 Kb4 53.Rd8 Rf5 54.Rd7 Rc7 55.Rd8 Kxb3 56.Rb8+ Kc2 57.Ra1 Rg7+
58.Bxg7 Bxb8 59.Bd4 Kd3 60.Be3 Be5 61.Rxa6 d4 62.Bh6 Ke2  0-1

[Event "Open ch-SVK A"]
[Site "Banska Stiavnica SVK"]
[Date "2011.07.15"]
[Round "7"]
[White "Petenyi,T"]
[Black "Gunajew,R"]
[Result "1-0"]
[WhiteElo "2398"]
[BlackElo "2258"]

1.e4 c5 2.Nf3 d6 3.d4 cxd4 4.Nxd4 Nf6 5.Nc3 a6 6.Be3 e5 7.Nb3 Be6 8.f3 Be7
9.Qd2 O-O 10.O-O-O a5 11.Bb5 Na6 12.Qe2 Nc7 13.Nc5 Nxb5 14.Qxb5 Bc8 15.g4 Qe8
16.Qxe8 Nxe8 17.N5a4 Be6 18.Nb6 Ra6 19.Nbd5 Bd8 20.Nb5 f6 21.c4 Rf7 22.Rd3 g6
23.Rg1 Rg7 24.Rd2 Rd7 25.b3 Kf7 26.Kb2 Ra8 27.Rgd1 Ra6 28.Ndc3 Be7 29.Na4 f5
30.gxf5 gxf5 31.Nc5 dxc5 32.Rxd7 Bxd7 33.Rxd7 Rc6 34.exf5 b6 35.Bg5 Nf6 36.Rb7 h6
37.Bh4 Kf8 38.Nc3 Ng8 39.Rb8+ Kf7 40.Rxg8 Bxh4 41.Rg4 Bf2 42.Nd5 b5 43.f6 bxc4
44.bxc4 Rc8 45.Kc2 Rb8 46.Kd3 a4 47.Rg7+ Ke6 48.Ke4 Bh4 49.Re7+ Kd6 50.Ra7 Ke6
51.Rxa4 Rb2 52.Ra6+ Kf7 53.Kf5 e4 54.Ra7+ Kf8 55.fxe4  1-0

[Event "Open ch-SVK A"]
[Site "Banska Stiavnica SVK"]
[Date "2011.07.15"]
[Round "7"]
[White "Straka,Jos"]
[Black "Navratil,Ji3"]
[Result "1-0"]
[WhiteElo "2305"]
[BlackElo "2043"]

1.e4 c5 2.Nf3 d6 3.d4 cxd4 4.Nxd4 Nf6 5.Nc3 a6 6.Be3 Ng4 7.Bg5 h6 8.Bh4 g5
9.Bg3 Bg7 10.Qd2 Nc6 11.Nb3 Be6 12.Be2 Rc8 13.f3 Nge5 14.Nd5 b5 15.Bf2 Nc4
16.Bxc4 bxc4 17.Nd4 Qa5 18.Nxc6 Qxd2+ 19.Kxd2 Rxc6 20.c3 Kd7 21.Nb4 Rc7 22.Nxa6 Rb7
23.Kc2 Ra8 24.Nb4 Ra4 25.Rhd1 Ke8 26.Bd4 Bf8 27.g4 Bd7 28.Rh1 e6 29.a3 Ra5
30.Rae1 Ba4+ 31.Kc1 e5 32.Be3 f6 33.h4 Rab5 34.Kd2 Kf7 35.Ke2 Kg6 36.Bc1 Be7
37.Nd5 Bf8 38.Kf2 Rxd5 39.exd5 Rb5 40.hxg5 hxg5 41.Rh8 Bg7 42.Ra8 Bb3 43.a4 Rxd5
44.Be3 f5 45.gxf5+ Kxf5 46.Ra1 e4 47.a5 exf3 48.a6  1-0

[Event "10th Condom Open A"]
[Site "Condom FRA"]
[Date "2011.07.15"]
[Round "8.2"]
[White "Kurayan,R"]
[Black "Maenhout,T"]
[Result "0-1"]
[WhiteElo "2303"]
[BlackElo "2365"]

1.e4 c5 2.Nf3 d6 3.d4 cxd4 4.Nxd4 Nf6 5.Nc3 a6 6.Be3 e5 7.Nb3 Be6 8.Qd2 Be7
9.O-O-O Nbd7 10.f4 Ng4 11.g3 Nxe3 12.Qxe3 b5 13.Kb1 Rc8 14.Nd5 Bxd5 15.exd5 O-O
16.Bh3 f5 17.fxe5 Nxe5 18.Nd4 Qd7 19.Rhf1 g6 20.Ne6 Rfe8 21.Rxf5 gxf5 22.Bxf5 Bf6
23.Qh6 Qe7 24.g4 Ng6 25.Bxg6 hxg6 26.Qxg6+ Bg7 27.Rf1 Rc4 28.b3 Rcc8 29.Rf3 Rf8  0-1

[Event "ch-USA Cadet"]
[Site "Crossville USA"]
[Date "2011.07.15"]
[Round "7"]
[White "Wang,Andrew C"]
[Black "Mo,Kevin"]
[Result "0-1"]
[WhiteElo "2158"]
[BlackElo "2095"]

1.e4 c5 2.Nf3 d6 3.d4 cxd4 4.Nxd4 Nf6 5.Nc3 a6 6.Be3 e5 7.Nf3 Be7 8.Bc4 O-O
9.Qe2 Nc6 10.O-O b5 11.Bd5 Nxd5 12.Nxd5 Be6 13.Rfd1 Bxd5 14.Rxd5 f5 15.exf5 Rxf5
16.a4 Qc8 17.axb5 Nb4 18.Rd2 axb5 19.Rxa8 Qxa8 20.c3 Nd5 21.h3 Qc6 22.Rd1 Nc7
23.Qc2 Rf7 24.Qb3 h6 25.Ra1 Bf8 26.Ra7 Qd5 27.Qc2 Qe6 28.Qe2 Qd5 29.Ne1 Ne8
30.Ra5 Rb7 31.c4 Qxc4 32.Qf3 Rf7 33.Qa8 Nc7 34.Qb8 Qb4 35.Ra1 Qxb2 36.Rd1 Qb3
37.Rxd6 Nd5 38.Nc2 Qb1+ 39.Kh2 Nxe3 40.Nxe3 Rxf2 41.Ng4 Rf1 42.Rd7 Rh1+ 43.Kg3 Qe1+
44.Nf2 Qe3+  0-1